Responses for Show #5756 - Monday, September 28, 2009

Andy Srinivasan game 2.

Contestants

[<< previous game]

Jeffrey Niblack, a government accountability office analyst from Washington, D.C.

Pat Spangler, a Ph.D. student and college instructor from Bethesda, Maryland

Andy Srinivasan, a high school science teacher from Garner, North Carolina (whose 1-day cash winnings total $17,400)

[next game >>]

Jeopardy! Round responses

THE APARTMENT OF ENERGY
ALPHABETICALLY FIRST
THE MOON HITS
YOUR EYE
LIKE A BIG PIECE OF PIE?
THAT'S A MORAY!
    $200 13
air conditioning

Jeffrey
    $200 11
April

Jeffrey
    $200 3
Moondance

Pat
    $200 1
the brain

Andy
    $200 19
apple pie

Jeffrey
    $400 14
a washer

Andy
    $400 17
Alberta

Jeffrey
    $400 4
Moonshadow

Pat
    $400 2
the pupil

Jeffrey
    $400 25
(Alex: 3-way tie.)

à la mode

Jeffrey
    $600 12
a water bed

Jeffrey
    $2,000 21
(Pat: Who is Doc?)

Bashful

Pat
    $600 5
Dark Side of the Moon

Jeffrey
    $600 8
(Jeffrey: What is duct?)

humor

PatJeffrey
    $600 20
cherry pie

Pat
    $600 28
[The end-of-round signal sounds.]

fins

Andy
    $800 15
radiation

Andy
    $800 22
(Jeffrey: Who is... Arth--Aros?)
...
(Alex: Jeffrey was trying to combine [*] and Athos and came up with "Aros".)

Aramis

PatJeffrey
    $800 6
Parma

Andy
    $800 9
(Andy: What is vitamin D?)

vitamin A

AndyPat
    $800 18
humble pie

Jeffrey
    $800 27
(Jeffrey: What is a sea urchin?)

a sponge

Jeffrey
Triple Stumper
    $1000 16
a convection fan

Andy
    $1000 23
(Alex: A minute to go.)

Acadia

Jeffrey
    $1000 7
"Moon Over Bourbon Street"

Triple Stumper
    $1000 10
(Jeffrey: What are the tear ducts?)

the lachrymal glands

Jeffrey
Triple Stumper
    $1000 24
porkpie

Pat
    $1000 26
the plankton

Triple Stumper

Scores at the first commercial break (after clue 15):

Andy Pat Jeffrey
$1,400 $2,000 $400

Scores at the end of the Jeopardy! Round:

Andy Pat Jeffrey
$3,000 $2,400 $1,600

Double Jeopardy! Round responses

THE AGE OF NATIONALISM
WHAT THE TV TITLE MEANS
BRIT LIT
COMPLETES THE PAIR
STATELY FORTS
THAT'S A PUZZLER
    $400 9
Brazil

Jeffrey
    $400 4
NCIS

Jeffrey
    $400 1
Charles Dickens

Pat
    $400 16
Malone

Andy
    $400 21
North Carolina

Andy
    $400 26
repeat yourself

Jeffrey
    $800 10
Zionism

Andy
    $800 5
Hawaii Five-O

Andy
    $800 2
a Cockney

Jeffrey
    $800 17
Drang

Pat
    $800 22
Texas

Andy
    $800 27
shoot for the Moon

Andy
    $2,000 11
Hungary

Andy
    $1200 6
The Shield

Jeffrey
    $1200 3
Geoffrey Chaucer

Triple Stumper
    $1200 18
(Jeffrey: Who is Husay?)

Qusay

AndyJeffrey
    $2,000 23
(Andy: Um... What is Delaware?)
...
(Alex: Down to $7,400, and we're down to a minute.)

New Jersey

Andy
    $1200 28
you are what you eat

Triple Stumper
    $1600 12
Pan-Germanism

Triple Stumper
    $1600 7
The Dukes of Hazzard

Jeffrey
    $1600 14
(Jeffrey: What is He?)

She

PatJeffrey
    $1600 19
(Jeffrey: Who is Rumpletree?)

Rumpleteazer

Jeffrey
Triple Stumper
    $1600 24
Kansas

Andy
    $1600 29
(Pat: What is she was beaten?)
(Alex: Be more specific. ...No? All right.)
[The end-of-round signal sounds.]

beaten black and blue

AndyPat
    $2000 13
Belgium

Triple Stumper
    $2000 8
Robot Chicken

Jeffrey
    $2000 15
the Lyrical Ballads

Triple Stumper
    $2000 20
(Alex: Talking about World War I.)

Brown

Triple Stumper
    $2000 25
Missouri

Andy

Scores at the end of the Double Jeopardy! Round:

Andy Pat Jeffrey
$13,400 $3,600 $4,000
(lock game)

[wagering suggestions for these scores]

Final Jeopardy! Round responses

OLD NAMES IN THE NEWS
(Alex: Jeffrey just reacted because...)
(Jeffrey: Can we just not show it?)
[Laughter]
PatWho was Ponzi?
$3,500
JeffreyWho was Musollini?
$3,000
AndyWho is Ponzi?
$3,000
Carlo Ponzi

Final scores:

Andy Pat Jeffrey
$16,400 $7,100 $1,000
2-day champion: $33,800 2nd place: $2,000 3rd place: $1,000

Game dynamics:

Coryat scores:

Andy Pat Jeffrey
$14,600 $5,600 $4,000
17 R
(including 1 DD),
2 W
(including 1 DD)
10 R,
2 W
(including 1 DD)
17 R,
7 W

Combined Coryat: $24,200

[game clues] [game scores] [suggest correction]

Game tape date: 2009-07-29
The J! Archive is created by fans, for fans. Scraping, republication, monetization, and malicious use prohibited; this site may use cookies and collect identifying information. See terms. The Jeopardy! game show and all elements thereof, including but not limited to copyright and trademark thereto, are the property of Jeopardy Productions, Inc. and are protected under law. This website is not affiliated with, sponsored by, or operated by Jeopardy Productions, Inc. Join the discussion at JBoard.tv.